000 01085cam a2200277 i 4500
003 SA-RiAUC
005 20250617070255.0
008 250615s1976 ua g 000r0 ara c
040 _aSA-JeALM
_bara
_cSA-RiAUC
_erda
082 0 4 _a953
_qSA-RiAUC
090 _a953
_bش ع و
100 1 _aشعوط، إبراهيم علي
_eمؤلف.
245 1 0 _aأباطيل يجب أن تمحى من التاريخ /
_cإبراهيم علي شعوط.
250 _aالطبعة الرابعة.
264 1 _a[مكان النشر غير محدد] :
_b[الناشر غير محدد]،
_c1976
264 3 _aالقاهرة :
_bمطبعة دار التأليف
300 _a405 صفحة ؛
_c24 سم
336 _aنص
_btxt
_2rdacontent
_3كتاب
337 _aبدون وسيط
_bn
_2rdamedia
338 _aمجلد
_bnc
_2rdacarrier
500 _aإهداء من المؤلف إبراهيم علي شعوط.
650 7 _aالتاريخ الإسلامي
_2aucsh
651 7 _aالبلاد العربية
_xتاريخ
_2aucsh
942 _2ddc
_cBOOK
_n0
949 _aSA-JeALM
_d250615
_ueid123
_n1
999 _c9072
_d9072